Integrácia členských štátov EÚ do eurozóny z teoretického a praktického hľadiska
Hospodárstvo eurozóny závisí predovšetkým od toho, ako všetkých 17 členov EMÚ spolu navzájom kooperuje a ako dodržiavajú Pakt stability a rastu (PSR). Niektoré hlavné problémy menovej integrácie členských štátov EÚ v eurozóne.
Gespeichert in:
| 1. Verfasser: | |
|---|---|
| Format: | Buchkapitel |
| Sprache: | Slowakisch |
| Schlagworte: | |
| Tags: |
Keine Tags, Fügen Sie das erste Tag hinzu!
|
MARC
| LEADER | 00000nla a2200000 4500 | ||
|---|---|---|---|
| 001 | 0166985 | ||
| 005 | 20240502072918.2 | ||
| 041 | 0 | |a slo | |
| 044 | |a SK | ||
| 245 | 1 | 0 | |a Integrácia členských štátov EÚ do eurozóny z teoretického a praktického hľadiska |c Soňa Danišová |
| 520 | |a Hospodárstvo eurozóny závisí predovšetkým od toho, ako všetkých 17 členov EMÚ spolu navzájom kooperuje a ako dodržiavajú Pakt stability a rastu (PSR). Niektoré hlavné problémy menovej integrácie členských štátov EÚ v eurozóne. | ||
| 610 | 2 | 0 | |a Európska únia |
| 610 | 2 | 0 | |a eurozóna |
| 610 | 2 | 0 | |a únie menové |
| 610 | 2 | 0 | |a integrácia menová |
| 610 | 2 | 0 | |a Európska menová únia |
| 610 | 2 | 0 | |a Medzinárodný menový fond |
| 100 | 1 | |a Danišová, Soňa, 1981- | |